| 000 | 00821nam a22002897a 4500 | ||
|---|---|---|---|
| 001 | BR9801439 | ||
| 003 | BR-BrBNA | ||
| 005 | 20230928095859.0 | ||
| 007 | ta | ||
| 008 | 230509b bl.||||| |||| 00| 0 por d | ||
| 040 |
_aBR-BrBNA _bpor _cBiblioteca Nacional de Agricultura |
||
| 041 | _a(Por) | ||
| 072 | _aD50; H01 | ||
| 090 | _ D50 BR9801439 | ||
| 110 | 1 |
_aSecretaria de Estado da Agricultura e do Abastecimento do Parana, Curitiba (Brasil). Depto. de Fiscalizacao _98781 |
|
| 245 | 1 | _aColetanea da legislacao estadual e federal de agrotoxicos | |
| 260 | 3 |
_aCuritiba, PR (Brasil): _c1997. |
|
| 300 | _a215 p. | ||
| 500 | _a3871 | ||
| 650 | _aLegislacao | ||
| 650 | _aAgrotoxico | ||
| 650 | _aDefensivo | ||
| 650 | _aToxidez | ||
| 650 | _aParana | ||
| 909 |
_a202309 _bLucia _c55 _dLucia Elande |
||
| 942 | _cBK | ||
| 999 |
_c59194 _d59194 |
||